Quantum generations: a history of physics in the twentieth century by Helge Kragh (Record no. 1211784)

MARC details
000 -LEADER
fixed length control field 01048nam a2200289Ia 4500
003 - CONTROL NUMBER IDENTIFIER
control field OSt
005 - DATE AND TIME OF LATEST TRANSACTION
control field 20221007123357.0
008 - FIXED-LENGTH DATA ELEMENTS--GENERAL INFORMATION
fixed length control field 221006b |||||||| |||| 00| 0 eng d
020 ## - INTERNATIONAL STANDARD BOOK NUMBER
International Standard Book Number 0691095523 (pbk)
-- 18.95
037 ## - SOURCE OF ACQUISITION
Terms of availability Textual
040 ## - CATALOGING SOURCE
Original cataloging agency PAPL
Transcribing agency PAPL
Language of cataloging eng
041 ## - LANGUAGE CODE
Source of code eng
Language code of text/sound track or separate title eng
100 ## - MAIN ENTRY--PERSONAL NAME
Personal name Kragh Helge
9 (RLIN) 48217
245 #0 - TITLE STATEMENT
Title Quantum generations: a history of physics in the twentieth century by Helge Kragh
260 ## - PUBLICATION, DISTRIBUTION, ETC.
Place of publication, distribution, etc. Prienceton
Name of publisher, distributor, etc. Princeton University Press
Date of publication, distribution, etc. 1999
300 ## - PHYSICAL DESCRIPTION
Extent xiv, 494p
Dimensions cm.
500 ## - GENERAL NOTE
General note Appendix 453-460p; Bibliography 461-480p; Index 481-494p; ^n23/CSL/CARPA/2002-2003/133^d2003-02-03^mPurchase; ; 2002-03/697^b2003-02-10^c289^d2003-02-03^eRs.1,552.00^fUnilib Book Distributors; ; 2003-05-02^bSB^c2003-05-05^dRPS
650 ## - SUBJECT ADDED ENTRY--TOPICAL TERM
Topical term or geographic name entry element History
650 ## - SUBJECT ADDED ENTRY--TOPICAL TERM
Topical term or geographic name entry element Twentieth Century
9 (RLIN) 717149
650 ## - SUBJECT ADDED ENTRY--TOPICAL TERM
Topical term or geographic name entry element Physics
942 ## - ADDED ENTRY ELEMENTS (KOHA)
Classification part CvN, N9
Koha item type Textual
Source of classification or shelving scheme Colon Classification (CC)
Holdings
Withdrawn status Lost status Source of classification or shelving scheme Damaged status Not for loan Home library Current library Date acquired Source of acquisition Total Checkouts Full call number Barcode Date last seen Price effective from Koha item type
    Colon Classification (CC)     Department of Physics and Astrophysics Library Department of Physics and Astrophysics Library 2022-10-07 Unilib,   CvN N9 PA0005361 2022-10-07 2022-10-07 Textual
Copyright @ Delhi University Library System